<?xml version="1.0" encoding="UTF-8"?>
<record
    xmlns:xsi="http://www.w3.org/2001/XMLSchema-instance"
    xsi:schemaLocation="http://www.loc.gov/MARC21/slim http://www.loc.gov/standards/marcxml/schema/MARC21slim.xsd"
    xmlns="http://www.loc.gov/MARC21/slim">

  <leader>01287nam a22002177a 4500</leader>
  <controlfield tag="003">OSt</controlfield>
  <controlfield tag="005">20260416103951.0</controlfield>
  <controlfield tag="008">250613s2018    ag ||||| |||| 00| 1 spa d</controlfield>
  <datafield tag="020" ind1=" " ind2=" ">
    <subfield code="a">9789873987984</subfield>
  </datafield>
  <datafield tag="040" ind1=" " ind2=" ">
    <subfield code="c">besoc</subfield>
  </datafield>
  <datafield tag="100" ind1="1" ind2=" ">
    <subfield code="a">Schweblin, Samanta, </subfield>
    <subfield code="d">1978-</subfield>
  </datafield>
  <datafield tag="245" ind1="1" ind2="0">
    <subfield code="a">P&#xE1;jaros en la boca y otros cuentos /</subfield>
    <subfield code="c">Samanta Schweblin</subfield>
  </datafield>
  <datafield tag="260" ind1=" " ind2=" ">
    <subfield code="a">Buenos Aires :</subfield>
    <subfield code="b">Penguin Random House,</subfield>
    <subfield code="c">2018</subfield>
  </datafield>
  <datafield tag="300" ind1=" " ind2=" ">
    <subfield code="a">186 p.</subfield>
  </datafield>
  <datafield tag="520" ind1=" " ind2=" ">
    <subfield code="a">Esta compilaci&#xF3;n incluye veinte relatos ya publicados en ediciones anteriores de sus libros de cuentos y en ediciones internacionales, adem&#xE1;s de dos relatos in&#xE9;ditos. La selecci&#xF3;n, llevada a cabo por la propia autora, configura una pieza indispensable de su prosa breve y de la literatura contempor&#xE1;nea argentina. Heredera de la m&#xE1;s prestigiosa tradici&#xF3;n literaria, en la l&#xED;nea de Raymond Carver y Flannery O'Connor, Schweblin maneja el lenguaje de una forma extraordinaria, con una prosa sobria y eficaz al servicio de historias que se mueven en el l&#xED;mite entre lo real y lo fant&#xE1;stico. Los cuentos de Schweblin, perturbadores y desconcertantes, plantean un enigma que provoca y atrapa profundamente al lector. [Nota del editor]</subfield>
  </datafield>
  <datafield tag="648" ind1=" " ind2="4">
    <subfield code="a">Siglo XXI</subfield>
  </datafield>
  <datafield tag="650" ind1=" " ind2="4">
    <subfield code="a">Literatura</subfield>
  </datafield>
  <datafield tag="651" ind1=" " ind2="4">
    <subfield code="a">Argentina</subfield>
  </datafield>
  <datafield tag="655" ind1=" " ind2="4">
    <subfield code="a">Cuentos</subfield>
  </datafield>
  <datafield tag="942" ind1=" " ind2=" ">
    <subfield code="2">udc</subfield>
    <subfield code="c">OG</subfield>
    <subfield code="n">0</subfield>
  </datafield>
  <datafield tag="999" ind1=" " ind2=" ">
    <subfield code="c">522</subfield>
    <subfield code="d">522</subfield>
  </datafield>
  <datafield tag="952" ind1=" " ind2=" ">
    <subfield code="0">0</subfield>
    <subfield code="1">0</subfield>
    <subfield code="2">udc</subfield>
    <subfield code="4">0</subfield>
    <subfield code="7">0</subfield>
    <subfield code="8">CG</subfield>
    <subfield code="a">ESOCIALES</subfield>
    <subfield code="b">ESOCIALES</subfield>
    <subfield code="d">2025-06-13</subfield>
    <subfield code="l">2</subfield>
    <subfield code="o">82-34(82) SCH412</subfield>
    <subfield code="p">001450</subfield>
    <subfield code="r">2026-05-21 13:02:55</subfield>
    <subfield code="s">2026-05-11</subfield>
    <subfield code="w">2025-06-13</subfield>
    <subfield code="y">OG</subfield>
  </datafield>
</record>
